00325nam a2200121Ia 4500008004100000100005800041245002400099260003400123300001000157650001400167942000700181999001500188190216s9999||||xx |||||||||||||| ||und|| a"James E Huheey, Ellen A Keiter And Richard L Keiter" 0aInorganic Chemistry bAddison-Wesley Pbl: Co:c2000 a1052p aChemistry cBK c2858d2858